[Event "SLO-chT2 West"]
[Site "Ljubljana"]
[Date "2014.10.19"]
[Round "5.4"]
[White "Markic, Vladimir"]
[Black "Krivec, Metod"]
[Result "1/2-1/2"]
[WhiteElo "1722"]
[BlackElo "1864"]
[PlyCount "55"]
[EventDate "2014.10.17"]
[EventType "team-tourn"]
[EventRounds "9"]
[EventCountry "SLO"]
[SourceTitle "EXT 2019"]
[Source "ChessBase"]
[SourceDate "2018.10.10"]
[SourceVersion "1"]
[SourceVersionDate "2018.10.10"]
[SourceQuality "1"]
[WhiteTeam "Trzin"]
[BlackTeam "Radovljica"]
[WhiteTeamCountry "SLO"]
[BlackTeamCountry "SLO"]

1. d4 g6 2. Nf3 Bg7 3. g3 d6 4. Bg2 Nc6 5. 0-0 e5 6. dxe5 Nxe5 7. Nc3 Ne7 8. Bf4 0-0 9. Nxe5 dxe5 10. Be3 c6 11. Qxd8 Rxd8 12. Rfd1 Be6 13. Rxd8+ Rxd8 14. Rd1 Rxd1+ 15. Nxd1 a6 16. a3 f5 17. Bc5 Kf7 18. Kf1 Bd5 19. Bxe7 Kxe7 20. Bxd5 cxd5 21. e3 g5 22. Ke2 Kd6 23. b3 e4 24. h3 Be5 25. Kd2 f4 26. g4 f3 27. c3 b5 28. b4 1/2-1/2